| 000 | 00653 a2200193 4500 | ||
|---|---|---|---|
| 020 | _a3642072488 | ||
| 020 | _a9783642072482 | ||
| 082 | _a514.34 | ||
| 090 |
_c1263 _d1263 |
||
| 100 | 1 | _aBanagl, Markus. | |
| 245 | 1 | 0 |
_aTopological invariants of stratified spaces / _cMarkus Banagl. |
| 260 |
_a[S.l.] : _bSpringer, _c2007. |
||
| 300 |
_a271 p. ; _c23 cm. |
||
| 490 | 1 | _aSpringer monographs in mathematics. | |
| 700 | _aBanagl, Markus. | ||
| 830 | 0 | _aSpringer monographs in mathematics. | |
| 942 |
_aSNS _cBK _k514.34 BAN |
||
| 999 |
_c29876 _d29876 |
||